Χώρες της πρώην Γιουγκοσλαβίας - Statistics

General Stats
  • This quiz has been taken 499 times
  • The average score is 6 of 7
Answer Stats
Ανεξαρτησία Χώρα % Correct
5η Ιουνίου 2006 Σερβία
98%
25η Ιουνίου 1991 Κροατία
94%
3η Ιουνίου 2006 Μαυροβούνιο
93%
17η Φεβρουαρίου 2008* Κοσσυφοπέδιο (Κόσοβο)
93%
25η Ιουνίου 1991 Σλοβενία
90%
1η Μαρτίου 1992 Βοσνία και Ερζεγοβίνη
84%
8η Σεπτεμβρίου 1991 Βόρεια Μακεδονία
81%
No matching quizzes found
Score Distribution
Percent of People with Each Score
Percentile by Number Answered
Your Score History
You have not taken this quiz